Ten ways to fight hate : a community response guide /

Bibliographic Details
Main Author: Carrier, Jim, 1944-
Corporate Author: Southern Poverty Law Center
Other Authors: Cohen, Richard
Format: Book
Language:English
Published: Montgomery : Southern Poverty Law Center, [1999]
Edition:2nd ed.
Subjects:

MARC

Tag First Indicator Second Indicator Subfields
LEADER 00000cam a2200000 a 4500
001 in00002118926
005 20151103064638.0
008 001108s1999 alua 000 0 eng d
010 |a  00709649  
035 |a (OCoLC)ocm42590833 
040 |a IEC  |c DLC  |d IEC  |d OIP  |d DPL  |d OCLCQ  |d TXA  |d UtOrBLW 
042 |a lccopycat 
043 |a n-us--- 
049 |a TXAM 
050 0 0 |a HV6773.52  |b .C37 1999 
092 0 |a 364.1  |2 21 
100 1 |a Carrier, Jim,  |d 1944- 
245 1 0 |a Ten ways to fight hate :  |b a community response guide /  |c written by Jim Carrier ; edited by Richard Cohen. 
246 3 0 |a 10 ways to fight hate 
250 |a 2nd ed. 
264 1 |a Montgomery :  |b Southern Poverty Law Center,  |c [1999] 
264 4 |c ©1999 
300 |a 28 pages :  |b illustrations ;  |c 27 cm. 
336 |a text  |b txt  |2 rdacontent 
337 |a unmediated  |b n  |2 rdamedia 
338 |a volume  |b nc  |2 rdacarrier 
500 |a Cover title. 
650 0 |a Hate crimes  |z United States  |x Prevention. 
650 0 |a Toleration  |z United States. 
650 0 |a Community organization  |z United States. 
700 1 |a Cohen, Richard. 
710 2 |a Southern Poverty Law Center. 
948 |a cataloged  |b h  |c 2006/5/2  |d c  |e rhankins  |f 10:55:38 am 
994 |a C0  |b TXA 
999 |a MARS 
999 f f |s 6b91024c-2c97-32dd-8786-36cfb92526bf  |i 004ecaca-5724-340f-9781-d4bf722acc61  |t 0 
952 f f |p noncirc  |a Texas A&M University  |b College Station  |c Cushing Memorial Library & Archives  |d Cushing: Area Studies/Africana (Does not check out)  |t 0  |e HV6773.52 .C37 1999  |f Vertical File  |h Library of Congress classification  |i unmediated -- volume 
998 f f |a HV6773.52 .C37 1999  |t 0  |l Cushing: Area Studies/Africana (Does not check out)